01599nam a2200157 4500008001200000020001800012082001700030100004100047245009100088260005300179300002900232505091500261650013601176999001501312952011401327026.7 B275c a9786079760533 a026.7bB275c aAréchiga Mantilla, Sol et al97140 aArchivos Fuera de Lugar:bCircuitos expositivos, digitales y comerciales del documento aMéxicobTaller de Ediciones Económicasc2017 a236 p.bil. c21 x 14 cm tIntroducciónrSofía Carrillo HerreríastCustodiar el futuro. Archivo, inventario y memoria del arte latinoamericanotAlgunas anotaciones sobre museos, redes y el legado de Walter Zanini en Brasil rCristina Freire tSobre la contundencia del arkhé, el ICAA y el desdoblamiento del arte latinoamericano rMaría C. Gaztambide tMesa de discusiónrDiego Flore Magón, Francisco Reyes Palma, Mónica Mayer, Sol Henaro tRéplicas y emplazamientos. El documento en el espacio expositivotPoéticas del resto rGustavo BuntinxtMesa de discusiónrPilar García, Julio García Murillo, Giacomo Castagnola, Joaquín BarriendostArchivos/activos. Las galerías de arte y la comercialización de documentos tDilemas de la documentación rMartha Wilson tQué es archivo y qué es memoria rCarla Stellweg tMesa de discusión rAna Garduño, Ricardo Ocampo, Henrique Faría tColaboradores xarchivos - artexarte - archivos - latinoamerica xarchivos - museos - redesxarchivos - memoriaxarchivos - documentación 97142 c1832d1832 00102ddc4070aLVbLVcPensamientod2019-08-22l0o026.7 B275cp004718r2019-08-22 00:00:00w2019-08-22y01